| 000 | 00819cam a2200217 4500 | ||
|---|---|---|---|
| 001 | WS114699 | ||
| 008 | 010921n 000 0 eng u | ||
| 035 | _a(Sirsi) u114699 | ||
| 110 |
_aRoyal Institution of Chartered Surveyors _bScotland _93082 |
||
| 245 | _aRICS in Scotland | ||
| 520 | _aWeb site for this organisation representing RICS members in Scotland including press releases, details of the Dispute Resolution Service, an archive of policy responses, APC details and links to their journal 'Scottish Chartered Surveyor'. | ||
| 650 | _aRICS | ||
| 650 | _aSCOTLAND | ||
| 650 | _aORGANISATION | ||
| 650 | _aABOUT RICS-RICS MEMBERS | ||
| 650 | _aDISPUTE RESOLUTION SERVICE | ||
| 650 |
_aAPC _96216 |
||
| 650 | _aBUILT ENVIRONMENT-BUILDING CONTRACT FORMS | ||
| 690 | _aPROFESSIONAL PRACTICE | ||
| 942 | _n0 | ||
| 999 |
_c119903 _d119903 |
||